1283 1824 1312 1499 1434 1534 1099 1240 1554 1639 1236 1307 1851 1799 1482 1665 1708 1069 1976 1921 1884 1182 1684 1720 1217 1153 1362 1634 1657 1833 1011 1904 1988 1739 1542 1373 1114 1408 1979 1035 1486 1650 1650 1060 1715 1445 1391 1445 1321 1342 1844 1288 1272 1756 1825 1447 1981 1159 1379 1937 1113 1821 1730 1884 1451 1914 1942 1253 1899 1464 1801 1035 1006 1412 1414 1481 1729 1031 1568 1509 1140 1314 1624 1295 1576 1246 1670 1158 1476 1063 1918 1418 1847 1105 1365 1434 1036 1588 1315 BCNSPRNW ULIB Ver.6.0+V

เปลี่ยนเป็นภาษาไทย

Change to English
 แสดงรายละเอียดบรรณานุกรม
  กลับหน้าหลัก

Brief Record : Get Marc (ISO 2709) : E-mail record : QR code < ปิดหน้าต่าง
LEADER : 00000nam 2200000uu 4500
001    13399108001
003     ULIB
008    110214s2548||||th 000 0 tha d
020    9742911533(ล.3)
060 04 WY152^bค127ก ล.3 2548
245 00 การพยาบาลผู้ใหญ่และผู้สูงอายุ^nเล่ม 3 /^cคณาจารย์สถาบันพระบรมราชชนก
250    พิมพ์ครั้งที่ 6
260    นนทบุรี :^bโครงการสวัสดิการวิชาการ สถาบันพระบรมราชชนกกระทรวงสาธารณสุข,^c2548
300    394 หน้า :^bภาพประกอบ ;^c26 ซม.
650  7 การพยาบาล^xในวัยชรา
650  7 การพยาบาล^xในวัยผู้ใหญ่
650  7 การพยาบาลผู้สูงอายุ
650  7 ผู้สูงอายุ^xการดูแล
710 2  สถาบันพระบรมราชชนก.^bโครงการสวัสดิการวิชาการ
710 2  คณาจารย์สถาบันพระบรมราชชนก
945    ^p150^l0^i018734
995    ทศพร
999 ^a ใช้งานได้ทุกระบบ
รายการนี้ยังไม่มีแท็ก
คุณยังไม่ได้ล็อกอิน คุณสามารถมีกิจกรรมร่วมกับเว็บไซต์ได้ แต่ต้องล็อกอินก่อน ::
  ล็อกอิน

รายการสื่อสารสนเทศ

ลำดับที่ ประเภท เลขเรียก/บาร์โค้ด สถานที่ สถานะ
- ไม่พบข้อมูล -

รายการใกล้เคียง
    หัวเรื่อง [การพยาบาลผู้สูงอายุ]
    หัวเรื่อง [ผู้สูงอายุ การดูแล]

BibComment


ยังไม่เคยถูกคอมเมนท์

คอมเมนท์ทรัพยากรรายการนี้
  คอมเมนท์: การพยาบาลผู้ใหญ่แ..


 Copyright 2026. Bcnsprnw @Library